Jesuschrist university

Uloženo v:
Podrobná bibliografie
Hlavní autor: Summers, Bob
Médium: Kniha
Jazyk:angličtina
Vydáno: Logos International. 1973.
Témata:
Tagy: Přidat tag
Žádné tagy, Buďte první, kdo vytvoří štítek k tomuto záznamu!

MARC

LEADER 00000nam a22000005a 4500
001 8999
003 CL-ChBUA
005 20120815103139.0
008 070301s1973 xxu 000 0 eng
040 |a CL-ChBUA  |c CL-ChBUA 
082 0 0 |a 232.954 
090 |c 8999  |d 8999 
100 1 |a Summers, Bob. 
245 1 0 |a Jesuschrist university 
260 |b Logos International.  |c 1973. 
300 |a 153 p.  |c 18 cm. 
650 4 |a JESUCRISTO - ENSEÑANZAS. 
942 |c LIB 
952 |0 0  |1 1  |4 0  |7 0  |9 13390  |a UNACH  |b UNACH  |c 200  |d 2007-03-05  |i 16.352.  |l 0  |o 232.954 / Su 956  |p 14389  |r 2012-12-27 00:00:00  |u 13390  |w 2012-08-08  |y LIB  |k 232.954 / Su 956. (Perdido 2010) 
999 |c 8999  |d 8999